Datum a čas kvízu
32.5
Celkem bodů
Celkový počet nahraných bodů na tomto kvízu bez doplňovacích otázek.
6.
Pořadí na kvízu
Konečné umístění týmu na tomto kvízu.
Zaznamenané odpovědi
| # | Otázka | Odpověď | Body | Výsledky |
|---|---|---|---|---|
| 1. | V pondělí byla v Praze na Lete... | ruská zneškodněná vojenská technika | 1 | |
| 2. | Nejvyšší unijní soud se postav... | sýr feta | 0 | |
| 3. | Ve středu vystoupila v pražské... | Kiss | 1 | |
| 4. | Americký Národní úřad pro lete... | první snímky z Webbova teleskopu | 1 | |
| 5. | V nejslavnější hokejové lize s... | 1A 2C 3B 4D | 0 | |
| 6. | V tomto tématu navážeme na náš... | Agent Orange, Spolana Neratovice | 0.5 | |
| 7. | Parovodní destilací nebo naklá... | neroli | 0 | |
| 8. | Vlajka na obrázku byla poprvé... | buddhismu | 1 | |
| 9. | Poznáte podle obrázku, o který... | Orange Is the New Black (Holky za mřížemi), Netflix | 1 | |
| 10. | Francouzská módní značka, její... | Hermès | 1 |